000 00610nam a2200181Ia 4500
003 OSt
005 20240412093341.0
008 210210b1955 xxu||||| |||| 00| 0 eng d
040 _cAL
041 _aKannada
082 _a856/173
100 _aPATILA (N P) ಪಾಟೀಲ ಎನ್ ಪಿ
_9159847
245 _aPrathama panchavarshika yojane hagu okkalatana
_bಪ್ರಥಮ ಪಂಚವಾರ್ಷಿಕ ಯೋಜನೆ ಹಾಗೂ ಒಕ್ಕಲತನ
260 _aDharavada
_bKarnataka Vishvavidyanilalya
_c1955
690 _aKannada Miscellaneous
_9159848
906 _a020413
942 _2ddc
_cBK
999 _c144562
_d144562